000
00298nam a22001337a 4500
008
170922b xxu||||| |||| 00| 0 eng d
020
_a
9780312473587
041
_a
eng
080
_2
5TH
_a
37
100
_a
46
101
_a
EDU
245
_a
THE PRESENCE OF OTHERS
_c
LUNSFORD,A.A
942
_2
udc
_c
BK
999
_c
29269
_d
29269